Filmographie de Tom Cruise - Statistiques

Statistiques générales
  • Ce quiz a été pris 500 fois
  • Le résultat moyen est 17 sur 44
Statistiques - réponses
Année Film % Correct
1996 Mission impossible
100%
1986 Top Gun
93%
2000 Mission impossible 2
88%
2006 Mission impossible 3
88%
2022 Top Gun : Maverick
78%
1988 Cocktail
57%
2002 Minority Report
56%
2018 Mission impossible : Fallout
54%
1994 Entretien avec un vampire
52%
2011 Mission impossible : Protocole Fantôme
52%
1999 Eyes Wide Shut
51%
2012 Jack Reacher
51%
1988 Rain Man
51%
2005 La Guerre des mondes
50%
2015 Mission impossible : Rogue Nation
49%
2013 Oblivion
48%
2001 Vanilla Sky
48%
2014 Edge of Tomorrow
45%
2017 La Momie
42%
1989 Né un 4 juillet
39%
1996 Jerry Maguire
38%
2003 Le Dernier Samouraï
37%
1999 Magnolia
37%
2010 Night and Day
37%
1993 La Firme
35%
2004 Collatéral
33%
2008 Tonnerre sous les tropiques
33%
1990 Jours de tonnerre
30%
1986 La Couleur de l'argent
30%
1992 Des hommes d'honneur
28%
1983 Risky Business
25%
2016 Jack Reacher: Never Go Back
24%
1983 Outsiders
22%
2008 Walkyrie
21%
1985 Legend
19%
1992 Horizons lointains
15%
2017 Barry Seal: American Traffic
14%
2007 Lions et Agneaux
10%
1981 Taps
9%
1981 Un amour infini
5%
1983 L'Esprit d'équipe
4%
1983 American Teenagers
3%
2002 Austin Powers dans Goldmember
3%
2001 Station spatiale
3%
Aucun quiz correspondant
Distribution des résultats
% des personnes avec chaque résultat
Percentile par nombre de réponses
Votre historique - résultats
Vous n’avez pas pris ce quiz